| 000 | 01133nam a2200253 i 4500 | ||
|---|---|---|---|
| 001 | bg | ||
| 245 | 0 | 0 |
_aInternationalisation of engineering education : _bproceedings of the 7th Annual convention and conference, 10-13 December 1995, The University of Melbourne / _ced.by Mohammad Aldeen and Zenon J. Pudlowski ; Australasian Association for Engineering Education. |
| 246 | 1 | _a7th Annual convention and conference of the Australasian Assocation for Engineering Education | |
| 260 |
_aMelbourne : _bMonash Univ., _c1995. |
||
| 300 |
_a484 s. : _bfot., 1 mapa, rys., wykr. ; _c26 cm. |
||
| 500 | _aTyt. grzbiet.: 7th |Annual convention and conference of the Australasian Assocation for Engineering Education. | ||
| 504 | _aBibliogr., summ. przy ref. - Indeks aut. | ||
| 650 | 9 |
_aSzkolnictwo wyższe techniczne _xnauczanie |
|
| 655 | _aMateriały konferencyjne | ||
| 700 | 1 |
_aALDEEN, Mohammad. _eRed. |
|
| 700 | 1 |
_aPUDLOWSKI, Zenon J. _eRed. |
|
| 020 | _a0732608864 | ||
| 040 | _cBPK | ||
| 041 | 0 |
_aen _ben |
|
| 080 | _a378.662(061.3) | ||
| 920 | _a0-7326-0886-4 | ||
| 942 | _cKS | ||
| 008 | s pl f |000 0 pol | ||
| 999 |
_c31470 _d31470 |
||
| 856 |
_uhttp://koha.tu.koszalin.pl/cgi-bin/koha/opac-detail.pl?biblionumber=31470 _yKatalog online BPK |
||